Rozvoj ľudských zdrojov miestnej samosprávy v SR bakalárska práca

Salvato in:
Dettagli Bibliografici
Autore principale: Jurášeková, Adriana
Ente Autore: Národohospodárska fakulta EU. Katedra verejnej správy a regionálneho rozvoja
Altri autori: Mrva, Jozef
Natura: Libro
Lingua:slovacco
Pubblicazione: Bratislava 2011
Tags: Aggiungi Tag
Nessun Tag, puoi essere il primo ad aggiungerne!!

MARC

LEADER 00000nbm a2200000 4500
001 0152042
005 20220907125639.9
041 0 |a slo 
044 |a SK 
245 1 0 |a Rozvoj ľudských zdrojov miestnej samosprávy v SR  |b bakalárska práca  |c Adriana Jurášeková ; školiteľ: Jozef Mrva 
264 1 |a Bratislava  |c 2011 
300 |a 46 s. 
100 1 |a Jurášeková, Adriana 
700 1 |a Mrva, Jozef 
710 2 |a Národohospodárska fakulta EU. Katedra verejnej správy a regionálneho rozvoja